| 000 | 00709nam a22002417a 4500 | ||
|---|---|---|---|
| 005 | 20170124110004.0 | ||
| 010 | _aA-402330 | ||
| 020 |
_c00.00 _a817100678 |
||
| 035 | _aA-402330 | ||
| 037 | _bCen Lib/Ret | ||
| 040 |
_aDPL _bEN |
||
| 082 |
_a379.2 _bGOE |
||
| 100 |
_aGoel, S.L. _916519 |
||
| 245 |
_aEducation policy and administration / _cby S.L. Goel [and] Aruna Goel |
||
| 260 |
_aNew Delhi _bDeep & deep publications _c1994 |
||
| 270 |
_bNew Delhi _aF-159, Rajouri garden |
||
| 300 |
_aix,350p. _c20cm(Hb) |
||
| 500 | _aIncludes index | ||
| 650 |
_aEducation _91169 |
||
| 650 |
_aEducation policy _916520 |
||
| 700 |
_aGoel. Aruna _916507 |
||
| 942 |
_2ddc _cEN _h379.2 _mGOE |
||
| 999 |
_c126081 _d126081 |
||